Sports Quiz

Random Sports or NFL Quiz

I didn't rush for 1000 yards in 2009 Quiz Stats

 Plays Quiz not verified by Sporcle

Challenge
Share
Tweet
Embed
Score 0/8 Timer 05:00
0 Plays Today
% Correct
Cadillac Williams
68.8%
LaDainian Tomlinson
68%
Matt Forte
58.9%
Brandon Jacobs
58.9%
Kevin Smith
56.5%
Marion Barber
54.2%
Joseph Addai
50.2%
Knowshon Moreno
41.5%

You're not logged in!

Compare scores with friends on all Sporcle quizzes.
Join for Free
OR
Log In

You Might Also Like...

Show Comments

Extras

Created Jan 22, 2010ReportNominate
Tags:NFL Quiz, 1000, 200, 2009, carry, least, running, rush, yard

Top Quizzes Today


Score Distribution

Your Account Isn't Verified!

In order to create a playlist on Sporcle, you need to verify the email address you used during registration. Go to your Sporcle Settings to finish the process.

Report this User

Report this user for behavior that violates our Community Guidelines.

Details: